Paroles : Né en 17 à Leidenstadt - Goldman, Fredericks, Jones - Statistiques

Statistiques générales
  • Ce quiz a été pris 123 fois
  • Le résultat moyen est 161 sur 194
Statistiques - réponses
Réponse % Correct
17
100%
à
100%
a
100%
en
100%
j'étais
100%
100%
ne
100%
si
100%
Si
100%
au
99%
Et
99%
et
99%
le
99%
allemand
98%
Aurais-je
98%
de
96%
De
96%
été
96%
j'avais
96%
ou
96%
Ou
96%
que
96%
ce
95%
ces
95%
gens
95%
les
95%
meilleur
95%
pire
95%
Leidenstadt
94%
champ
93%
d'un
93%
bataille
91%
Sur
91%
la
90%
ruines
90%
un
88%
dans
86%
née
81%
plus
81%
grandi
80%
milieu
80%
On
80%
blanche
79%
eu
79%
vent
79%
Belfast
76%
jamais
76%
nos
76%
qu'on
76%
beau
75%
choisir
75%
d'une
75%
force
75%
par
75%
camp
74%
riche
74%
improbables
73%
peur
73%
saura
73%
moi
71%
sera
71%
contre
70%
Entre
70%
foi
70%
miens
70%
torrent
70%
vraiment
70%
Bercé
69%
qui
69%
une
69%
ventres
69%
comme
68%
consciences
68%
D'avoir
68%
des
68%
Rien
68%
Soldat
68%
toi
68%
avant
66%
d'ignorance
66%
envers
66%
longtemps
66%
apparences
65%
Caché
65%
caste
65%
cris
65%
derrière
65%
entendu
65%
Johannesburg
65%
main
65%
nous
65%
portés
65%
haine
64%
possible
64%
revanche
64%
très
63%
bien
61%
pouvoir
61%
rêves
61%
trahir
61%
mots
60%
ceux
59%
troupeau
59%
bourreau
58%
d'humiliation
58%
tendre
58%
épargne
56%
résistent
56%
Nourri
55%
S'il
55%
docklands
54%
moutons
54%
Mais
53%
complice
51%
L'âme
51%
Serions-nous
51%
fallait
48%
Larmes
45%
brave
43%
Aucun quiz correspondant
Distribution des résultats
% des personnes avec chaque résultat
Percentile par nombre de réponses
Votre historique - résultats
Vous n’avez pas pris ce quiz